000 00264nam a22001217a 4500
008 171215b xxu||||| |||| 00| 0 eng d
041 _aeng
080 _a37
100 _a46
101 _aEDU
245 _aWHAT ARE THE OTHER DOING?
_cMARRIOTT,D
942 _2udc
_cBK
999 _c39042
_d39042